| 000 | 01295nam a2200313 c 4500 | ||
|---|---|---|---|
| 003 | BLK | ||
| 005 | 20180422114700.0 | ||
| 008 | 180411b bul|||||r ||||||| ||bul|| | ||
| 010 | _aKNG00183385000 | ||
| 040 | _aBLK | ||
| 041 |
_aBUL _cBUL |
||
| 080 |
_aСловашка литература _b821.162.4 _x-93-34 _z821.162.4-93-34 |
||
| 100 | 1 |
_aЯрункова, Клара _eпърви автор _9146092 |
|
| 700 | 1 |
_aЗахариева, Невена _eпрев. от словаш. _gДимитрова, Невена Захариева _9372671 |
|
| 700 | 1 |
_aБобева, Ани Петрова _eхудож. _9379385 |
|
| 139 |
_aЯрункова, Клара _bЯ 83 |
||
| 245 | 1 | 0 |
_aЕдничко дете _bРоман за юноши _cКлара Ярункова; прев. от словаш. Невена Захариева; худож. Ани Петрова Бобева. |
| 257 | _aSLK | ||
| 260 |
_аСофия _bОтечество _c1985 |
||
| 300 |
_a223 с. _bс ил. _c21 см |
||
| 380 | _aDX | ||
| 490 | 1 | _aБиблиотека Връстници | |
| 500 | _aОриг. загл. Jedina / Klara Jarunkova. - 21 115 тир. | ||
| 852 | _aЦб 139200 | ||
| 856 | 4 |
_qpdf _u |
|
| 856 | 4 |
_qpdf _u |
|
| 942 |
_cKNG _n0 |
||
| 944 |
_aCR _c08.10.2015 _kКети_Илиева |
||
| 944 |
_aED _c08.10.2015 _kКети_Илиева |
||
| 999 |
_c174880 _d174880 |
||